| 000 | 01148nam a22003377a 4500 | ||
|---|---|---|---|
| 003 | CHAP | ||
| 005 | 20220329141608.0 | ||
| 008 | 971013s1955 r 00010 d | ||
| 010 | _a70731 | ||
| 011 | _a71703 | ||
| 035 | _a81257 | ||
| 040 | _cCHAP | ||
| 082 |
_a581.8732 _bD37c 1955 |
||
| 100 | 0 | 0 |
_aDarlington, Cyril Dean. _931088 |
| 245 | _aChromosome atlas of flowering plants | ||
| 250 | _a2 ed. | ||
| 260 |
_aLondon : _bGeorge Allen, _c1955 |
||
| 300 |
_a519 p. _b: ilus. |
||
| 500 | _aTÃtulo anterior : Chromosome atlas of cultivated plants | ||
| 590 |
_aBATCH-UPD _b10 _c20130110 _lUCH01 _h0552 |
||
| 590 |
_aCONVERSION _b10 _c20130109 _lUCH01 _h1339 |
||
| 650 | 1 | 4 |
_aCromosomas. _929152 |
| 650 | 1 | 4 |
_aPlantas cultivadas. _988921 |
| 650 | 1 | 4 |
_aPlantas _xMejoramiento. _988849 |
| 700 | 0 |
_aWylie, A. P. _9122852 |
|
| 901 | _aBK | ||
| 942 | _cLIBRO | ||
| 949 |
_a581.8732 D37c 1955 _bBC _cLIBRO _d33724000451134 _eLIBRO _h9624 _i81257 _si _t140.00 |
||
| 949 |
_a581.8732 D37c 1955 _bBC _cLIBRO _d33724000451142 _eLIBRO _fc.2 _h9625 _i81257 _si _t140.00 |
||
| 949 |
_a581.8732 D37c 1955 _bBC _cLIBRO _d33724000451159 _eLIBRO _fc.3 _h9626 _i81257 _si _t140.00 |
||
| 999 |
_c70731 _d70731 |
||